000 00685nam a2200193Ia 4500
005 20240530103710.0
008 140319s1967 xx 000 0 ara d
040 _aGCL /
_cGCL
082 0 4 _a811.9 /
_bع ز
100 1 _aعبدالرحمن الابنودى
245 1 0 _aالزحمة : اشعار بالعامية المصرية /
_cعبدالرحمن الابنودى
260 _aالقاهرة :
_bقاصد خير ،
_c1967
300 _a161 ص؛
_c20 سم
650 0 4 _aالادب العربى
650 0 4 _aالعصر الحديث
650 0 4 _aالشعر العربى - دواوين وقصائد
942 _2ddc
_cBK
999 _c41783
_d41783